000 00676nam a2200277Ia 4500
005 20260324132933.0
008 008 260324s9999 xx 000 0 eng d
020 _a9781351218306
037 _aEBOOK
040 _aCRL
040 _beng
040 _cCRL
041 _2eng
041 _aeng
084 _qCRL
100 _aMauro Politi; Giuseppe Nesi
_91191177
245 4 _aThe International Criminal Court and the Crime of Aggression
260 _bTaylor and Francis
260 _c2004
365 _a
365 _b230
856 _uhttp://www.taylorfrancis.com/books/9781351218306
942 _cEBOOK
999 _c1789750
_d1789750